El quehacer filosófico en el horizonte del encuentro entre razón y fe
Guardat en:
| Autor corporatiu: | |
|---|---|
| Format: | Llibre |
| Idioma: | espanyol |
| Publicat: |
Santiago
Fundación Instituto Pedro de Córdoba
2002
|
| Col·lecció: | Colección Debate, 2
|
| Matèries: | |
| Etiquetes: |
Afegir etiqueta
Sense etiquetes, Sigues el primer a etiquetar aquest registre!
|
MARC
| LEADER | 00000nam a2200000 a 4500 | ||
|---|---|---|---|
| 001 | UCM9972 | ||
| 003 | CL-VaPUC | ||
| 005 | 20210728001532.0 | ||
| 008 | 030530e20020000cl 1 spa d | ||
| 082 | 0 | 4 | |a 121 |b UNI |2 21 |
| 110 | 2 | |a Universidad Arcis |e author |9 620336 | |
| 245 | 1 | 3 | |a El quehacer filosófico en el horizonte del encuentro entre razón y fe |
| 260 | |a Santiago |b Fundación Instituto Pedro de Córdoba |c 2002 | ||
| 300 | |a 311 p | ||
| 490 | 0 | |a Colección Debate, 2 | |
| 583 | |a last modification |c 20030530 00:00:00 |k Rodrigo Vera | ||
| 650 | 0 | 0 | |a Teoría del conocimiento |9 255038 |
| 650 | 0 | 0 | |a Razón |9 314475 |
| 650 | 0 | 0 | |a Naturaleza humana |9 308593 |
| 650 | 0 | 0 | |a Creencia |9 334586 |
| 650 | 0 | 0 | |a Filosofía cristiana |9 265980 |
| 942 | |c BK | ||
| 945 | |a cmena |d 20030530 00:00:00 | ||
| 546 | |a En Español | ||
| 518 | |p Coloquio Anual El Quehacer Filosófico en el Horizonte del Encuentro entre Razón y Fe, 2, Santiago, 8 al 12 de octubre de 2001 | ||
| 999 | |c 383881 |d 383879 | ||
| 952 | |0 0 |1 0 |4 0 |6 121_000000000000000_UNI_2002 |7 0 |8 A |9 506198 |a BIBEDU |b BIBEDU |c ES_NOD |d 2020-01-23 |i 3911365 |o 121 UNI 2002 |p 3911365 |r 2023-08-09 |w 2020-01-23 |y BK |k FIL | ||